00326cam a22001217a 4500008004000000082001800040100001800058245005300076260003100129300001000160500001300170650002100183180718b1960 xxu||||| |||| 00| 0 eng d aT2x54 K952/60 aKuchhal, S.C. aThe industrial economy of Indiacby S.C. Kuchhal aAllahabadbChaitanyac1960 a602p. aRs.12.50 aIndustry - India